00993nam a2200181Ia 4500001001000000003001000010008004100020040002500061041001300086100001200099245004800111250001100159260004200170500022200212501011400434520022200548650004100770L703-2480IT-CnALBA170116s9999||||xx |||||||||||||| ||und|| aIT-CnALBAcIT-CnALBA aITALIANO aAA. VV. 0aMAESTRI (I) DEL COLORE. FASCICOLI 101-110.  a1a ed. aMILANObFABBRI FRATELLI EDITORIcn.d. aDIRETTORE RESPONSABILE FABBRI DINO. VITA E OPERE DI DUFY, LEONARDO DA VINCI, CAROT, GUARDI, MARQUET, FIORENTINO, LORRAIN, GAINSBOROUGH, PIETRO DA CORTONA, DEL COSSA. PUBBLICAZIONE DELL'OPERA ENTRO GLI ANNI 1963 1969.  aSocietà San Paolo EM - Piazza San Paolo, 14 - 12051 ALBA (CN) (non commercial uses only) ® Copyright 2017 aDIRETTORE RESPONSABILE FABBRI DINO. VITA E OPERE DI DUFY, LEONARDO DA VINCI, CAROT, GUARDI, MARQUET, FIORENTINO, LORRAIN, GAINSBOROUGH, PIETRO DA CORTONA, DEL COSSA. PUBBLICAZIONE DELL'OPERA ENTRO GLI ANNI 1963 1969.  aDIZIONARI ED ENCICLOPEDIE DELLE ARTI